Most Tsunami Affected Countries - Statistics

General Stats
  • This quiz has been taken 121 times
  • The average score is 16 of 23
Answers on the Map
Answers color-coded by a green-red scale on the quiz's map according to % correct below.
 
Answer Stats
# of Tsunamis Country % Correct
357 Japan
96%
264 United States
94%
249 Indonesia
93%
36 China
89%
62 Mexico
87%
166 Chile
84%
92 Philippines
84%
26 Canada
83%
96 Russia
82%
76 Papua New Guinea
77%
73 Peru
75%
22 United Kingdom
68%
80 New Zealand
66%
34 Portugal
62%
25 Taiwan
62%
36 Vanuatu
51%
27 Norway
50%
61 Turkey
48%
155 Italy
47%
19 Tonga
46%
46 Solomon Islands
45%
170 Greece
43%
27 Venezuela
37%
No matching quizzes found
Score Distribution
Percent of People with Each Score
Percentile by Number Answered
Your Score History
You have not taken this quiz